| 000 | 01549 a2200217 4500 | ||
|---|---|---|---|
| 001 | 53957 | ||
| 005 | 20260407155810.0 | ||
| 008 | 260407a1980 arg spa d | ||
| 003 | AR-UNSa-BCEJYS | ||
| 040 |
_aAR-UNSa-BCEJYS _bspa _cAR-UNSa-BCEJYS |
||
| 080 |
_a330.101.541 _xMacroeconomÃa |
||
| 245 | 1 | 0 | _aOpen economy macroeconomics |
| 020 | _a0-06-350279-8 | ||
| 264 | 1 |
_aNew York : _bBasic Books _c1980 |
|
| 300 |
_aix, 293 p. _c23 cm. |
||
| 505 | _aParte I: Introduction - 1. Modeling the open economy - 2. Some basic relations - Parte II: Employment,the trade balance,and relative prices - 3. Income determination and the trade balance - 4. Relative prices,equilibrium output,and the trade balance - 5. Intermediate goods and nontraded goods - 6. Home goods and traded goods: the dependent economy model - Parte III: Money and payments adjustment - 7. Money,prices,and payments adjustment - 8. Money,exchange rates,and employment - 9. Monetary and exchange rate policy for macroeconomic stability - Parte IX: Assets markets,capital mobility and stabilization policy - 10. Stabilization policy under fixed exchange rates and capital mobility - 11. Flexible exchange rates and capital mobility - 12. Monetary stabilization,intervention,and real appreciation - Parte V: Portfolio balance and the current account - 13. Exchange rates,assets markets,and the current account - 14. Growth,the balance of payments,and the exchange rate | ||
| 041 | _aspa | ||
| 942 | _cBK | ||
| 590 | _aniveau_biblio:m niveau_hierar:0 | ||
| 100 | 1 | _aDornbusch, Rudiger | |
| 999 |
_c5302 _d5302 |
||